000 00452cam a22001457a 4500
008 180718b2007 xxu||||| |||| 00| 0 eng d
020 _a4258270057
082 _aA84x5 J533
245 _aYearbook of Asian affairs 2006
_cby Institute of Developing Economies
260 _aJapan
_bThe author
_c2007
300 _a588p.
650 _aAsia --Economic conditions --Periodicals
650 _aAsia --Periodicals
700 _aInstitute of Developing Economies
999 _c493531
_d493531